=LDR 00000nam 2200000 4500 =001 INLIS000000000019180 =005 20210401015449 =035 ##$$a 0010-061300000019180 =008 210401################g##########0#ind## =041 ##$$a Ind =082 ##$$a 336.2 =090 ##$$a 336.201 259 8, Wal p =100 ##$$a Waluyo =245 1#$$a Perpajakan Indonesia Buku Dua : $b Pembahasan sesuai denganketentuan perundang-undangan perpajakan dan aturan pelaksanaan perpajakan terbaru /$c Waluyo =260 ##$$a Jakarta :$b Salemba Empat,$c 2005 =300 ##$$a xvi, 228 hlm. ; $c 26 x 20 cm. =650 #4$$a Pajak dan Perpajakan-Indonesia =850 ##$$a NBPNMAT =084 ##$$a 336.2 WAL p =250 ##$$a Ed.5 =020 ##$$a 979-691-236-8 =990 ##$$a 40601075 =990 ##$$a 20602899 =990 ##$$a 1200602834 =990 ##$$a 20602897 =990 ##$$a 40601075 =990 ##$$a 20602899